000 01799cam a22003974i 4500
999 _c9151
_d9151
001 44046813
003 OCoLC
005 20241126110706.0
008 000503s2000 miu b 001 0 eng
010 _a00033383
020 _a0310497507
_q(alk. paper)
020 _a9780310497509
_q(alk. paper)
035 _atcgc278536
035 _a(OCoLC)44046813
040 _aDLC
_beng
_erda
_cDLC
_dBAKER
_dNLGGC
_dBTCTA
_dYDXCP
_dOCLCG
_dIG#
_dOCLCQ
_dOCLCO
_dOUP
_dOCLCF
_dOCLCA
_dOCLCQ
_dNZABT
_dMNLUT
042 _apcc
050 0 0 _aBS2615.3
_b.B79 2000
082 0 0 _a220.77
_a226.5077
_221
_bNIV
100 1 _aBurge, Gary M.,
_d1952-
_0http://id.loc.gov/authorities/names/n86109569
_915612
245 1 0 _aJohn :
_bfrom biblical text ... to contemporary life /
_cGary M. Burge.
264 1 _aGrand Rapids, Mich. :
_bZondervan,
_c[2000]
264 4 _c℗♭2000.
300 _a618 pages ;
_c24 cm.
336 _atext
_btxt
_2rdacontent
337 _aunmediated
_bn
_2rdamedia
338 _avolume
_bnc
_2rdacarrier
490 1 _aThe NIV application commentary.
504 _aIncludes bibliographical references and indexes.
505 0 _aSeries Introduction -- General Editor's Preface -- Author's Preface -- Abbreviations -- Introduction -- The Structure of John's Gospel -- Bibliography -- Text and Commentary on John,
630 0 0 _aBible.
_pJohn
_0http://id.loc.gov/authorities/names/n79060414
_vCommentaries.
_0http://id.loc.gov/authorities/subjects/sh99001404
_93972
650 4 _aBible. John
_xCommentaries.
_915960
655 7 _aCommentaries.
_2fast
_0http://id.worldcat.org/fast/1423723
_9875
830 0 _aNIV application commentary.
_0http://id.loc.gov/authorities/names/n94048887
_91769
856 4 _3Cover image
_uhttps://covers.openlibrary.org/b/id/171457-M.jpg
942 _2ddc
_cREF